000 09131cam a22021854i 4500
001 u36015
003 PE-LiUPU
005 20250813165627.0
008 150625s2004 pe a rb 000 0 spa d
020 _a9972939049
020 _a9789972939044
035 _a(Sirsi) i9789972939044
040 _aPE-LiUPU
_bspa
_cPE-LiUPU
_erda
049 _aPRUA
082 0 4 _a621.3132
_bO31
_221
082 0 4 _a621.3136
_bO31 2004
_221
100 1 _aOcharán P., Miguel,
_eautor.
245 1 0 _aMáquinas Asíncronas :
_bestados estable y dinámico /
_cM. Ocharán P.
264 1 _aLima :
_bAsamblea Nacional de Rectores,
_c2004.
300 _a195 páginas :
_bilustraciones ;
_c21 centímetros
336 _atext
_2rdacontent
337 _aunmediated
_2rdamedia
338 _avolume
_2rdacarrier
504 _aIncluye referencias bibliográficas.
505 0 _aMáquinas eléctricas -- Generalidades acerca de los procesos de transformación de energía en las máquinas eléctricas -- Métodos finitos para campos electromagnéticos -- Máquinas asíncronas -- Parámetros de la máquina asíncrona trifásica -- La máquina asíncrona en estado estable -- Cálculos térmicos en máquinas asíncronas -- La máquina asíncrona en estado dinámico.
526 _aP203
526 _aP200
526 _aSEG65
526 _aSEG64
526 _aSEG63
526 _aSEG62
526 _aSEG61
526 _aSEG60
526 _aSEG59
526 _aSEG58
526 _aSEG57
526 _aSEG56
526 _aSEG55
526 _aSEG54
526 _aSEG53
526 _aSEG52
526 _aSEG51
526 _aSEG50
526 _aSEG49
526 _aSEG48
526 _aSEG47
526 _aSEG46
526 _aSEG24
526 _aSEG23
526 _aSEG22
526 _aSEG21
526 _aSEG20
526 _aSEG19
526 _aSEG18
526 _aSEG17
526 _aSEG16
526 _aSEG14
526 _aSEG13
526 _aSEG12
526 _aSEG11
526 _aSEG10
526 _aSEG09
526 _aSEG06
526 _aSEG05
526 _aSEG04
526 _aSEG03
526 _aSEG02
526 _aSEG68
526 _aSEG66
526 _aSEG45
526 _aSEG25
526 _aSEG01
526 _aP163
526 _aP162
526 _aP161
526 _aP160
526 _aP159
526 _aP158
526 _aP157
526 _aP156
526 _aP155
526 _aP154
526 _aP153
526 _aP152
526 _aP151
526 _aP150
526 _aP149
526 _aP142
526 _aP141
526 _aP140
526 _aP139
526 _aP138
526 _aP137
526 _aP132
526 _aP131
526 _aP130
526 _aP126
526 _aP125
526 _aP124
526 _aP123
526 _aP115
526 _aP122
526 _aP121
526 _aP116
526 _a P114
526 _aP112
526 _aP111
526 _aP104
526 _aP103
526 _aP102
526 _aP101
526 _aP100
526 _aP96
526 _aP95
526 _aP93
526 _aP92
526 _aP91
526 _aP88
526 _aP83
526 _aP82
526 _aP79
526 _aP78
526 _aP75
526 _aP74
526 _aP71
526 _aP69
526 _a P51
526 _aP49
526 _aP48
526 _aP47
526 _aP33
526 _aP31
526 _a P30
526 _aP29
526 _aP27
526 _aP26
526 _aP25
526 _aP24
526 _a P22
526 _aP10
526 _aP09
526 _a P08
526 _aP06
526 _aP05
526 _aP04
526 _aP01
596 _a1 2 3
650 0 4 _aMaquinaria eléctrica.
910 _cdgt
910 _adbm
_bncf
_cncf
_d20190515
942 _2ddc
_cBOOK
994 _aC0
_bPEPRU
949 _a621.310 O32 2004
_wDEWEY
_c1
_iFT01520
_lCCODEBUT1
_mBUT
_p30.00
_r0
_sY
_tBOOK
_u2016-2-8
_xBIBLIOTECA
_zUNKNOWN
_0COMPRA
_o.STAFF. Colección General
949 _a621.3132 O31
_wDEWEY
_c1
_i57006
_d2016-11-6
_e2016-11-6
_f2018-2-9
_g4
_lFIA2
_mBUL
_n1
_p15.00
_r0
_sY
_tBOOK
_u2015-6-25
_xINGENIERIA
_zUNKNOWN
_0COMPRA
_o.STAFF. Colección General
949 _a621.3132 O31
_wDEWEY
_c2
_i53962
_f2018-2-9
_g3
_lFIA2
_mBUL
_r0
_sY
_tBOOK
_u2015-6-25
_xINGENIERIA
_zUNKNOWN
_0COMPRA
_o.STAFF. Colección General
949 _a621.3132 O31
_wDEWEY
_c3
_i53963
_f2018-2-9
_g4
_lFIA2
_mBUL
_r0
_sY
_tBOOK
_u2015-6-25
_xINGENIERIA
_zUNKNOWN
_0COMPRA
_o.STAFF. Colección General
949 _a621.3132 O31
_wDEWEY
_c4
_i53964
_f2018-2-9
_g4
_lFIA2
_mBUL
_r0
_sY
_tBOOK
_u2015-6-25
_xINGENIERIA
_zUNKNOWN
_0COMPRA
_o.STAFF. Colección General
949 _a621.3136 O31 2004
_wDEWEY
_c1
_iFJ09902
_f2017-12-29
_g1
_lCCODEBUJ1
_mBUJ
_p10.00
_r0
_sY
_tBOOK
_u2015-9-7
_xINGENIERIA
_PP25
_0DONACION
_o.STAFF. Colección General Juliaca
949 _a621.3136 O31 2004
_wDEWEY
_c2
_iFJ09903
_f2017-12-29
_g1
_lCCODEBUJ1
_mBUJ
_p10.00
_r0
_sY
_tBOOK
_u2015-9-8
_xINGENIERIA
_PP25
_0COMPRA
_o.STAFF. Colección General Juliaca
949 _a621.3136 O31 2004
_wDEWEY
_c3
_iFJ09904
_f2017-12-29
_g1
_lCCODEBUJ1
_mBUJ
_p10.00
_r0
_sY
_tBOOK
_u2015-9-8
_xINGENIERIA
_PP25
_0COMPRA
_o.STAFF. Colección General Juliaca
949 _a621.3136 O31 2004
_wDEWEY
_c4
_iFJ09905
_f2017-12-29
_g1
_lCCODEBUJ1
_mBUJ
_p10.00
_r0
_sY
_tBOOK
_u2015-9-8
_xINGENIERIA
_PP25
_0COMPRA
_o.STAFF. Colección General Juliaca
949 _a621.3136 O31 2004
_wDEWEY
_c5
_iFJ09906
_f2017-12-29
_g1
_lCCODEBUJ1
_mBUJ
_p10.00
_r0
_sY
_tBOOK
_u2015-9-8
_xINGENIERIA
_PP25
_0COMPRA
_o.STAFF. Colección General Juliaca
949 _a621.3136 O31 2004
_wDEWEY
_c6
_iFJ09907
_f2017-12-29
_g1
_lCCODEBUJ1
_mBUJ
_p10.00
_r0
_sY
_tBOOK
_u2015-9-9
_xINGENIERIA
_PP25
_0COMPRA
_o.STAFF. Colección General Juliaca
949 _a621.3136 O31 2004
_wDEWEY
_c7
_iFJ09908
_f2018-1-31
_g1
_lCCODEBUJ1
_mBUJ
_p10.00
_r0
_sY
_tBOOK
_u2015-9-9
_xINGENIERIA
_PP25
_0COMPRA
_o.STAFF. Colección General Juliaca
949 _a621.3136 O31 2004
_wDEWEY
_c8
_iFJ09909
_f2018-1-31
_g1
_lCCODEBUJ1
_mBUJ
_p10.00
_r0
_sY
_tBOOK
_u2015-9-9
_xINGENIERIA
_PP25
_0COMPRA
_o.STAFF. Colección General Juliaca
949 _a621.3136 O31 2004
_wDEWEY
_c9
_iFJ09910
_f2017-12-29
_g1
_lCCODEBUJ1
_mBUJ
_p10.00
_r0
_sY
_tBOOK
_u2015-9-9
_xINGENIERIA
_PP25
_0COMPRA
_o.STAFF. Colección General Juliaca
999 _a621.3136 O31
_wDEWEY
_c44042
_i57006
_d44042
_e2016-11-6
_f2021-11-9
_g7
_lCCODEBUL1
_mBUL
_n1
_p15.00
_r0
_sY
_tBOOK
_u2015-6-25
_xINGENIERIA
_zUNKNOWN
_0COMPRA
_o.STAFF. Colección General
999 _a621.3136 O31
_wDEWEY
_c2
_i53962
_f2021-11-9
_g6
_lCCODEBUL1
_mBUL
_r0
_sY
_tBOOK
_u2015-6-25
_xINGENIERIA
_zUNKNOWN
_0COMPRA
_o.STAFF. Colección General
999 _a621.3136 O31
_wDEWEY
_c3
_i53963
_f2021-11-9
_g7
_lCCODEBUL1
_mBUL
_r0
_sY
_tBOOK
_u2015-6-25
_xINGENIERIA
_zUNKNOWN
_0COMPRA
_o.STAFF. Colección General
999 _a621.3136 O31
_wDEWEY
_c4
_i53964
_f2021-11-9
_g7
_lCCODEBUL1
_mBUL
_r0
_sY
_tBOOK
_u2015-6-25
_xINGENIERIA
_zUNKNOWN
_0COMPRA
_o.STAFF. Colección General
999 _a621.3136 O31 2004
_wDEWEY
_c1
_iFJ09902
_f2022-1-25
_g4
_lCCODEBUJ1
_mBUJ
_p10.00
_r0
_sY
_tBOOK
_u2015-9-7
_xINGENIERIA
_PP25
_0DONACION
_o.STAFF. Colección General Juliaca
999 _a621.3136 O31 2004
_wDEWEY
_c2
_iFJ09903
_f2022-1-25
_g4
_lCCODEBUJ1
_mBUJ
_p10.00
_r0
_sY
_tBOOK
_u2015-9-8
_xINGENIERIA
_PP25
_0COMPRA
_o.STAFF. Colección General Juliaca
999 _a621.3136 O31 2004
_wDEWEY
_c3
_iFJ09904
_f2022-1-25
_g4
_lCCODEBUJ1
_mBUJ
_p10.00
_r0
_sY
_tBOOK
_u2015-9-8
_xINGENIERIA
_PP25
_0COMPRA
_o.STAFF. Colección General Juliaca
999 _a621.3136 O31 2004
_wDEWEY
_c4
_iFJ09905
_f2022-1-25
_g3
_lCCODEBUJ1
_mBUJ
_p10.00
_r0
_sY
_tBOOK
_u2015-9-8
_xINGENIERIA
_PP25
_0COMPRA
_o.STAFF. Colección General Juliaca
999 _a621.3136 O31 2004
_wDEWEY
_c5
_iFJ09906
_f2022-1-25
_g3
_lCCODEBUJ1
_mBUJ
_p10.00
_r0
_sY
_tBOOK
_u2015-9-8
_xINGENIERIA
_PP25
_0COMPRA
_o.STAFF. Colección General Juliaca
999 _a621.3136 O31 2004
_wDEWEY
_c6
_iFJ09907
_f2022-1-25
_g4
_lCCODEBUJ1
_mBUJ
_p10.00
_r0
_sY
_tBOOK
_u2015-9-9
_xINGENIERIA
_PP25
_0COMPRA
_o.STAFF. Colección General Juliaca
999 _a621.3136 O31 2004
_wDEWEY
_c7
_iFJ09908
_f2022-1-25
_g4
_lCCODEBUJ1
_mBUJ
_p10.00
_r0
_sY
_tBOOK
_u2015-9-9
_xINGENIERIA
_PP25
_0COMPRA
_o.STAFF. Colección General Juliaca
999 _a621.3136 O31 2004
_wDEWEY
_c8
_iFJ09909
_f2022-1-25
_g4
_lCCODEBUJ1
_mBUJ
_p10.00
_r0
_sY
_tBOOK
_u2015-9-9
_xINGENIERIA
_PP25
_0COMPRA
_o.STAFF. Colección General Juliaca
999 _a621.3136 O31 2004
_wDEWEY
_c9
_iFJ09910
_f2022-1-25
_g4
_lCCODEBUJ1
_mBUJ
_p10.00
_r0
_sY
_tBOOK
_u2015-9-9
_xINGENIERIA
_PP25
_0COMPRA
_o.STAFF. Colección General Juliaca
999 _a621.310 O32 2004
_wDEWEY
_c1
_iFT01520
_f2019-2-20
_g1
_lCCODEBUT1
_mBUT
_p30.00
_r0
_sY
_tBOOK
_u2016-2-8
_xBIBLIOTECA
_zUNKNOWN
_0COMPRA
_o.STAFF. Colección General
980 _81
_gALBERTO SANCHEZ Responsable de Automatización